NBA 2K26 Ratings Quiz - Statistics

General Stats
  • This quiz has been taken 81 times
    18 since last reset
  • The average score is 20 of 23
Answer Stats
OVR 3PT DNK Answer % Correct
92 76 85 LeBron James
100%
97 89 75 Luka Doncic
100%
98 84 75 Nikola Jokic
100%
98 82 75 Shai Gilgeous-Alexander
100%
92 71 85 Anthony Davis
92%
97 76 91 Giannis Antetokounmpo
92%
93 86 35 Jalen Brunson
92%
95 80 94 Jaylen Brown
92%
93 85 89 Jayson Tatum
92%
95 99 36 Stephen Curry
92%
96 89 97 Anthony Edwards
85%
95 86 75 Cade Cunningham
85%
93 86 75 Devin Booker
85%
95 86 92 Donovan Mitchell
85%
92 79 80 Joel Embiid
85%
93 91 85 Kevin Durant
85%
97 80 85 Victor Wembanyama
85%
90 88 75 James Harden
77%
90 83 75 Karl Anthony-Towns
77%
95 85 80 Kawhi Leonard
69%
90 86 30 Kyrie Irving
69%
93 84 65 Tyrese Haliburton
69%
94 87 70 Tyrese Maxey
69%
No matching quizzes found
Score Distribution
Percent of People with Each Score
Percentile by Number Answered
Your Score History
You have not taken this quiz since the last reset